000 00317nam a22001337a 4500
082 _a894.812
_bRAJ/K
100 _aRAJEEV KUMAR
245 _aKUSRITHIKKANAKKUKAL
246 _aKUSRITHIKKANAKKUKAL
_bKUSRITHIKKANAKKUKAL
260 _aMALAPPURAM
_bASHARAFI
_c2010
300 _a40
650 _aMALAYALAM G K
942 _cBK
999 _c8979
_d8979